[Event "EU-ch Online U14 Girls"]
[Site "Tornelo INT"]
[Date "2020.09.20"]
[Round "8"]
[White "Ajradinoska, Indzi"]
[Black "Spiridon, Anisia"]
[Result "1/2-1/2"]
[WhiteElo "1194"]
[BlackElo "1504"]
[PlyCount "102"]
[EventDate "2020.09.18"]
[EventType "swiss (rapid)"]
[EventRounds "9"]
[EventCountry "NET"]
[SourceTitle "EXT 2023"]
[Source "ChessBase"]
[SourceDate "2022.10.05"]
[SourceVersion "1"]
[SourceVersionDate "2022.10.05"]
[SourceQuality "1"]
[WhiteTeam "Macedonia"]
[BlackTeam "Romania"]
[WhiteTeamCountry "MKD"]
[BlackTeamCountry "ROU"]

1. d4 Nf6 2. c4 c5 3. e3 g6 4. Nf3 Bg7 5. Nc3 cxd4 6. Nxd4 d6 7. Be2 Nbd7 8. 0-0 0-0 9. Qd2 a6 10. b3 Qc7 11. Bb2 b6 12. Bf3 Bb7 13. Bxb7 Qxb7 14. Nce2 Nc5 15. f3 b5 16. cxb5 axb5 17. b4 Na4 18. e4 Nxb2 19. Qxb2 Nd7 20. a3 Ne5 21. Qb1 Nc4 22. Qd3 Qb6 23. Kh1 Ra6 24. Ra2 Rxa3 25. Rxa3 Nxa3 26. Qxa3 Bxd4 27. Nxd4 Qxd4 28. Qa5 Qc4 29. Rd1 Rc8 30. h3 Qe2 31. Rg1 Qc4 32. Rd1 Qc6 33. Qa3 Qc3 34. Qxc3 Rxc3 35. Rd5 Kg7 36. Rxb5 Kf6 37. Kg1 Rb3 38. Kf2 Rb2+ 39. Kg3 h5 40. h4 Kg7 41. Rb7 Kf6 42. b5 Ke6 43. b6 Kf6 44. Kh3 Rb3 45. Kh2 Rb2 46. Kg3 Ke6 47. Kh3 Rb3 48. Kh2 Rb2 49. Kg3 Kf6 50. Rb8 Ke6 51. Rb7 Kf6 1/2-1/2

[Event "EU-ch Online U14 Girls"]
[Site "Tornelo INT"]
[Date "2020.09.18"]
[Round "2"]
[White "Tashkinova, Sofiia"]
[Black "Spiridon, Anisia"]
[Result "0-1"]
[WhiteElo "1788"]
[BlackElo "1504"]
[PlyCount "130"]
[EventDate "2020.09.18"]
[EventType "swiss (rapid)"]
[EventRounds "9"]
[EventCountry "NET"]
[SourceTitle "EXT 2023"]
[Source "ChessBase"]
[SourceDate "2022.10.05"]
[SourceVersion "1"]
[SourceVersionDate "2022.10.05"]
[SourceQuality "1"]
[WhiteTeam "Ukraine"]
[BlackTeam "Romania"]
[WhiteTeamCountry "UKR"]
[BlackTeamCountry "ROU"]

1. e4 e6 2. d4 d5 3. exd5 exd5 4. Nf3 Nf6 5. Bd3 c5 6. c3 Nc6 7. h3 c4 8. Bc2 Bd6 9. 0-0 0-0 10. Bg5 b5 11. a3 a5 12. Nbd2 Bd7 13. Re1 h6 14. Bh4 Be7 15. Nf1 Re8 16. Ne3 Be6 17. Nd2 b4 18. Bf5 Nh7 19. Bxe7 Rxe7 20. Qf3 Bxf5 21. Nxf5 Rxe1+ 22. Rxe1 Ng5 23. Qg4 Qf6 24. Ng3 Ne6 25. Nh5 Qg5 26. Nf3 Qxg4 27. hxg4 bxc3 28. bxc3 Rb8 29. Nd2 Rb2 30. Nb1 Kf8 31. Ng3 Nf4 32. Nf5 Nd3 33. Rf1 Nxf2 34. Ne3 Ne7 35. Kh2 Ne4 36. Rd1 Rb3 37. Rc1 Ke8 38. Kg1 Kd7 39. Nd1 Kc6 40. Ne3 Ng6 41. Nf5 Nf4 42. Kh2 Rb2 43. Ne3 Nd3 44. Rf1 f6 45. Rd1 Rb3 46. Nf5 Nxc3 47. Nxc3 Rxc3 48. Nxg7 Nf2 49. Rf1 Nxg4+ 50. Kg1 Rd3 51. Nf5 h5 52. Ne7+ Kd6 53. Nf5+ Kc7 54. Re1 c3 55. Re7+ Kc6 56. Re6+ Kb5 57. Re1 c2 58. Nd6+ Ka4 59. g3 Rd1 60. Kg2 c1Q 61. Ne4 Rxe1 62. Nc3+ Qxc3 63. Kh3 Rh1+ 64. Kg2 Qd2+ 65. Kf3 Qf2# 0-1

[Event "FISCA Online op"]
[Site "Chess.com INT"]
[Date "2020.06.22"]
[Round "4"]
[White "Aadit, Bhatia"]
[Black "Spiridon, Anisia"]
[Result "1-0"]
[WhiteElo "1830"]
[BlackElo "1551"]
[PlyCount "75"]
[EventDate "2020.06.19"]
[EventType "swiss"]
[EventRounds "9"]
[EventCountry "ROU"]
[SourceTitle "CBM 197 Extra"]
[Source "ChessBase"]
[SourceDate "2020.09.30"]
[SourceVersion "1"]
[SourceVersionDate "2020.09.30"]
[SourceQuality "1"]

1. e4 e6 2. d3 c5 3. g3 Nc6 4. Bg2 g6 5. Nf3 Bg7 6. 0-0 Nge7 7. Re1 d6 8. c3 e5 9. a4 0-0 10. Na3 h6 11. Rb1 Kh7 12. b4 cxb4 13. cxb4 f5 14. Nc4 Qc7 15. Ba3 Nd8 16. Rc1 Qb8 17. b5 Nf7 18. Nfxe5 Bxe5 19. d4 Bg7 20. e5 dxe5 21. dxe5 Rd8 22. Qb3 Be6 23. Bxe7 Rd7 24. Bf6 Nxe5 25. Rxe5 Bxc4 26. Qxc4 Bxf6 27. Qe6 Re7 28. Qxe7+ Bxe7 29. Rxe7+ Kh8 30. Rcc7 Qg8 31. Bxb7 Rd8 32. Bc6 f4 33. gxf4 Qb3 34. Kg2 Qxa4 35. Rh7+ Kg8 36. Rcg7+ Kf8 37. Rxa7 Qxf4 38. Rh8# 1-0

[Event "ROM-ch U10 Girls"]
[Site "Calimanesti Caciulata"]
[Date "2016.04.25"]
[Round "9"]
[White "Spiridon, Anisia"]
[Black "Chicarosie, Ioana Bianca"]
[Result "0-1"]
[WhiteElo "1477"]
[BlackElo "1279"]
[PlyCount "78"]
[EventDate "2016.04.18"]
[EventType "swiss"]
[EventRounds "9"]
[EventCountry "ROU"]
[SourceTitle "EXT 2017"]
[Source "ChessBase"]
[SourceDate "2016.10.25"]
[SourceVersion "1"]
[SourceVersionDate "2016.10.25"]
[SourceQuality "1"]

1. d4 e6 2. c4 Nf6 3. Nf3 c5 4. d5 b5 5. dxe6 fxe6 6. e3 bxc4 7. Bxc4 d5 8. Bb5+ Bd7 9. Bxd7+ Nbxd7 10. 0-0 Bd6 11. Nc3 0-0 12. b3 Nb6 13. Bb2 c4 14. Qc2 Qe7 15. e4 Bc5 16. exd5 exd5 17. Rfe1 Qb7 18. a4 d4 19. Nb5 Bb4 20. Rec1 d3 21. Qd1 d2 22. Nxd2 Bxd2 23. Qxd2 Ne4 24. Qd4 Rad8 25. Qe3 Rd3 26. Qe1 Rxf2 27. Bd4 Rfd2 28. Be3 Rb2 29. bxc4 Nf6 30. Bf2 Rdd2 31. c5 Rxf2 32. Qxf2 Rxf2 33. Kxf2 Nc8 34. c6 Qb6+ 35. Kf1 a6 36. Na3 Nd5 37. Rab1 Qa5 38. Rb8 Nde7 39. Nc4 Qc7 0-1

[Event "ROM-ch U08 Girls"]
[Site "Calimanesti"]
[Date "2014.04.13"]
[Round "9"]
[White "Spiridon, Anisia"]
[Black "Chicarosie, Ioana Bianca"]
[Result "0-1"]
[WhiteElo "1001"]
[BlackElo "1129"]
[PlyCount "60"]
[EventDate "2014.04.06"]
[EventType "swiss"]
[EventRounds "9"]
[EventCountry "ROU"]
[SourceTitle "CBM 160 Extra"]
[Source "ChessBase"]
[SourceDate "2014.07.01"]
[SourceVersion "1"]
[SourceVersionDate "2014.07.01"]
[SourceQuality "1"]

1. d4 d5 2. c4 e5 3. dxe5 d4 4. Nf3 Nc6 5. Bg5 Bb4+ 6. Nbd2 Qd7 7. a3 Be7 8. g3 Bxg5 9. Nxg5 h6 10. Bh3 Qd8 11. Bxc8 Qxc8 12. Ngf3 Qd7 13. Nb3 0-0-0 14. Nc5 Qe7 15. Nd3 Qe6 16. b3 Nge7 17. Nc5 Qf5 18. Qd3 Qxd3 19. exd3 Ng6 20. 0-0 Ncxe5 21. Nxe5 Nxe5 22. Rfe1 Rde8 23. Kg2 Ng4 24. Rxe8+ Rxe8 25. Ne4 f5 26. Nc5 Re2 27. Rf1 b6 28. Na6 Kb7 29. Kf3 Rd2 30. Rh1 Rxf2# 0-1

[Event "ROM-ch U08 Girls"]
[Site "Calimanesti"]
[Date "2014.04.08"]
[Round "3"]
[White "Puia, Alexia Teodora"]
[Black "Spiridon, Anisia"]
[Result "1-0"]
[WhiteElo "1017"]
[BlackElo "1001"]
[PlyCount "67"]
[EventDate "2014.04.06"]
[EventType "swiss"]
[EventRounds "9"]
[EventCountry "ROU"]
[SourceTitle "CBM 160 Extra"]
[Source "ChessBase"]
[SourceDate "2014.07.01"]
[SourceVersion "1"]
[SourceVersionDate "2014.07.01"]
[SourceQuality "1"]

1. e4 g6 2. Nf3 Bg7 3. Nc3 d6 4. Bc4 e5 5. 0-0 Nc6 6. d3 Nd4 7. Be3 Nxf3+ 8. Qxf3 Nf6 9. Bg5 Bg4 10. Qg3 Be2 11. Nxe2 0-0 12. Nc3 Nh5 13. Qg4 Qc8 14. Qf3 a6 15. Be7 Re8 16. Qxf7+ Kh8 17. Rfe1 Qd7 18. Bf6 Qxf7 19. Bxf7 Rf8 20. Bxg7+ Kxg7 21. Bd5 c6 22. Bb3 b5 23. Rad1 Nf6 24. d4 b4 25. Ne2 Nxe4 26. dxe5 dxe5 27. Ba4 Rad8 28. Rxd8 Rxd8 29. Bxc6 Nd2 30. Rd1 h5 31. Ng3 Kh6 32. Ne4 Nxe4 33. Rxd8 Nf6 34. c3 1-0